Statistiques concernant Quiz: trouvez les capitales grâce aux drapeaux des pays

Cliquez ici pour prendre le quiz!

Statistiques générales

  • Ce quiz a été pris 78 fois
    (56 depuis la dernière actualisation)
  • Le résultat moyen est 71 sur 195

Statistiques - réponses

Réponse% Correct
londres
95%
washington
95%
dublin
93%
athenes
85%
jerusalem
83%
brasilia
78%
tunis
78%
pekin
76%
beyrouth
73%
Montevideo
73%
vatican
73%
amsterdam
71%
berne
71%
copenhague
71%
lima
71%
mexico
71%
ottawa
71%
paris
71%
rome
71%
seoul
71%
tokyo
71%
bruxelles
68%
canberra
68%
stockholm
66%
alger
63%
ankara
63%
berlin
63%
budapest
63%
madrid
63%
moscou
63%
kiev
61%
pretoria/ le cap/ bloemfontein
61%
luxembourg
59%
oslo
59%
pyongyang
59%
le caire
56%
buenos aires
54%
doha
54%
lisbonne
54%
reykjavik
54%
Riyad
54%
helsinki
51%
panama
51%
zagreb
51%
caracas
49%
la valette
49%
manille
49%
santiago
49%
sofia
49%
rabat
46%
belgrade
44%
bratislava
44%
monaco
44%
varsovie
44%
bogota
41%
bucarest
41%
damas
41%
jakarta
41%
kaboul
41%
katmandou
41%
prague
41%
singapour
41%
wellington
41%
bakou
39%
dakar
39%
kingston
39%
la havane
39%
minsk
39%
saint marin
39%
teheran
39%
tirana
39%
vienne
39%
yaoundé
39%
bangkok
37%
koweit
37%
kuala lumpur
37%
libreville
37%
nairobi
37%
nicosie
37%
tbilissi
37%
vilnius
37%
andorre-la- vieille
34%
dacca
34%
hanoi
34%
oulan-bator
34%
skopje
34%
accra
32%
kinshasa
32%
new dehli
32%
niamey
32%
quito
32%
sarajevo
32%
taipei
32%
Tegucigalpa
32%
vaduz
32%
yammoussoukro
32%
abou dabi
29%
abuja
29%
chisinau
29%
ljubljana
29%
noursoultan
29%
riga
29%
sanaa
29%
sucre / la paz
29%
addis-abeba
27%
amman
27%
antananarivo
27%
asunción
27%
bagdad
27%
bangui
27%
dodoma
27%
kigali
27%
ndjamena
27%
port-au-prince
27%
port-moresby
27%
pristina
27%
san José
27%
tallin
27%
asmara
24%
bamako
24%
belmopan
24%
brazzaville
24%
bridgetown
24%
castries
24%
gaborone
24%
guatemala
24%
harare
24%
malé
24%
managua
24%
nassau
24%
podgorica
24%
sao Tomé
24%
Sri Jayawarde- -nepura Kotte/ colombo
24%
windhoek
24%
basseterrre
22%
djibouti
22%
erevan
22%
mbabane
22%
mogadiscio
22%
monrovia
22%
moroni
22%
phnom penh
22%
port-d'espagne
22%
port-Louis
22%
praia
22%
saint-domingue
22%
saint John's
22%
suva
22%
thimphou
22%
tripoli
22%
victoria
22%
vientiane
22%
achgabat
20%
bissau
20%
conakry
20%
dili
20%
djouba
20%
freetown
20%
gitega
20%
islamabad
20%
kampala
20%
khartoum
20%
lomé
20%
luanda
20%
lusaka
20%
maputo
20%
maseru
20%
nouakchott
20%
ouagadougou
20%
porto novo
20%
roseau
20%
tachkent
20%
apia
17%
bandar Seri Begawan
17%
banjul
17%
bichkek
17%
douchanbé
17%
georgetown
17%
malabo
17%
manama
17%
mascate
17%
naypyidaw
17%
ngerulmud
17%
paramaribo
17%
port-Vila
17%
san salvador
17%
tarawa
17%
yaren
17%
funafuti
15%
honiara
15%
lilongwe
15%
majuro
15%
nukuʻalofa
15%
palikir
15%
saint george's
15%

Distribution des résultats

Percentile par nombre de réponses

% des personnes avec chaque résultat

Votre développement - résultats

Vous n’avez pas pris ce quiz depuis la dernière actualisation